00347nam a2200145Ia 4500008004100000082001300041100001500054245003200069250000800101260002500109300001000134500002400144650001500168700001800183230524s9999 xx 000 0 und d a612bZAR aR.K.Zargar 0aAnatomy for Dental Students a1ST aNEW DELHIbCBSc2006 aX;518 aQuantity Number: 1 aBiomedical a Sushil Kumar